Staré osídlenie Slovenska

Podrobná bibliografia
Hlavný autor: Janšák, Štefan, 1886-1972 (Autor)
Médium: Článok
Jazyk:slovenčina
Predmet:

MARC

LEADER 00000nab a2200000ua 4500
001 vtls010811028
003 SK-MaSNL
005 20260305020301.0
008 230222s xo |||||||||||||||||slo|
035 |a (urnnbn)urn:nbn:sk:snk:ar-001yqe 
035 |a urn:nbn:sk:snk-ab5gah 
035 |a (uuid)dc59a418-8816-467b-bbb5-e0416a85fc11 
040 |a SNKBUCL  |b slo  |c SNKBUCL  |e AACR2 
041 0 |a slo 
044 |a xo  |c SK 
100 1 |a Janšák, Štefan,  |d 1886-1972  |4 aut  |9 100103 
245 1 0 |a Staré osídlenie Slovenska  |c Štefan Janšák 
650 0 7 |a osídlenie  |2 SNKPH  |9 250450 
651 7 |a Slovensko  |x dejiny  |2 SNKPH  |9 13278 
655 7 |a štúdie  |2 SNKPH  |9 57033 
773 0 |t Sborník Museálnej slovenskej spoločnosti : [príloha k Časopisu Museálnej slovenskej spoločnosti]  |g Roč. 27-28, č. 1-8 (1933-1934), s. 30-71 
954 |a odborná, vedecká literatúra pôvodná (slovenská)  |2 lita 
958 |a OND 
958 |a EUIPO 
958 |a article5 
999 |c 3279940  |d 3281870